| 000 | 00789nam a2200229 a 4500 | ||
|---|---|---|---|
| 001 | 000027105 | ||
| 005 | 20240314073718.0 | ||
| 008 | 110329t1977 dr a 000 0 spa d | ||
| 040 |
_aDO-SdBNP _bspa _cBNPHU |
||
| 082 |
_a923.27293 _bD812T |
||
| 100 | 1 |
_aTroncoso Sánchez, Pedro, _d1904-1989 _923599 |
|
| 245 | 1 | 0 |
_aEpisodios duartianos / _cPedro Troncoso Sánchez. |
| 260 |
_aSanto Domingo : _bEditorial Gaivota, _c1977. |
||
| 300 |
_a320 p. : _bil. ; _c27 cm. |
||
| 490 | 1 |
_aBiblioteca Nacional _v4 |
|
| 590 | _aInventariado, 2020/VM | ||
| 600 | 1 | 0 |
_aDuarte, Juan Pablo, _d1813-1876 _91494 |
| 651 | 4 |
_aRepública Dominicana _xHistoria _yOCUPACIÓN HAITIANA, 1822-1844 _97666 |
|
| 830 | 0 |
_aBiblioteca Nacional _n4 _954183 |
|
| 910 | _aValidado. Control de calidad EMS. | ||
| 049 | _aBNPD | ||
| 999 |
_c26597 _d26597 |
||